| 000 | 03228nkm0a2200541 4500 | ||
|---|---|---|---|
| 001 | RU\NLR\BIBL_A\022644536 | ||
| 005 | 20251127233952.0 | ||
| 035 | _a(NLR Aleph) 022644536 | ||
| 071 | 5 | 0 |
_a443 _d5 коп. _91000 |
| 090 |
_a88919 _c88919 |
||
| 100 | _a20251015d1929 u y0rusy50 ca | ||
| 101 | 0 | _arus | |
| 102 | _aRU | ||
| 116 | _adiybxx zz ae | ||
| 135 | _acrcn 024anaba | ||
| 181 | 0 |
_ab4 _bxb2e |
|
| 182 | 0 | _an | |
| 200 | 1 |
_aДагестан _iГ. Махач-Кала _iБерег Каспийского моря _eпочтовая карточка |
|
| 203 |
_aИзображение _bнеподвижное _bдвухмерное _bвизуальное _cнепосредственное |
||
| 210 |
_a[Москва] _cИзд. Всесоюзное контрагентство печати _d[1929? _eМосква] _gФотот. пр. к. т-ва "Артель фототипов" |
||
| 215 |
_a1 л. _cфототип. _d10,4х14,7 |
||
| 300 | _aЦенз. разрешение: Главлит № А-9908 | ||
| 301 | _aИзд. номер: № 443 | ||
| 325 | _aКопия доступна в Электрон. б-ке РНБ | ||
| 540 | 1 | _aДагестан. Город Махачкала. Берег Каспийского моря | |
| 606 | 1 |
_aПочтовые открытки маркированные художественные _yСССР _z1917 - 1941 _2nlr_sh2 _3RU\NLR\AUTH\6601555037 |
|
| 606 | 1 |
_aФотографические открытки _2nlr_sh2 _3RU\NLR\AUTH\661600135 |
|
| 607 |
_aМахачкала, город (Дагестан) _jОткрытки _2nlr_sh1 _2nlr_sh2 _3RU\NLR\AUTH\66595032 |
||
| 607 |
_aКаспийское море _jОткрытки _2nlr_sh1 _2nlr_sh2 _3RU\NLR\AUTH\66132780 |
||
| 610 | 1 | _aВидовые открытки | |
| 617 |
_aСССР _bДагестанская АССР _dМахачкала, город |
||
| 686 | 0 | _aЩ153(2)7-489 | |
| 712 | 0 | 2 |
_aВсесоюзное контрагентство печати _3RU\NLR\AUTH\885157 _4650 |
| 712 | 0 | 2 |
_a"Артель фототипов", промысловое кооперативное товарищество _cМосква _bФототипия _3RU\NLR\AUTH\880372943 _4610 |
| 830 | _aОткрытка датирована по экз. РНБ на шифре Э ОТ63/М360, инв.67967: на адресной стороне штамп, содержащий год поступления в РНБ: "Гос. Публичн. Б-ка 1929. Об. экз. Лнгр.", 1009. АЯ ОЭФ | ||
| 852 | 0 | 0 |
_aNLR _bЭ _jОТ63/М360 _mинв.67967 |
| 856 | 0 | _uhttps://vivaldi.nlr.ru/lo000072317/view | |
| 856 | 1 | _uhttps://vivaldi.nlr.ru/lo000072317/cover | |
| 856 | 2 | _uhttps://vivaldi.nlr.ru/lo000072317/text | |
| 901 | _eИзографические материалы | ||
| 942 | _cVISUAL | ||
| 945 | _aРоссийская национальная библиотека | ||
| 980 | _aBV | ||
| 980 | _aNB | ||
| 981 | 1 | 7 |
_a(17) Изографические материалы _b(17) Открытки |